banner-ar

مالبرانش والفلسفة الالهية / (Record no. 49472)

MARC details
000 -الفاتح
حقل البيانات ثابتة الطول 00759nam a2200229Ia 4500
008 - عناصر البيانات ثابتة الطول - معلومات عامة
حقل البيانات ثابتة الطول 140319s9999 xx 000 0 ara d
040 ## - مصدر الفهرسة
وكالة الفهرسة الأصلية GCL /
وكالة النسخ GCL
082 04 - رقم تصنيف ديوى العشرى
رقم التصنيف 194
رقم المادة ر م
100 1# - المدخل الرئيسى - إسم شخصى
الإسم الشخصى محمد على ابوريان
245 10 - بيان العنوان
العنوان مالبرانش والفلسفة الالهية /
بيان المسئوليه,etc محمد على ابوريان
700 1# - المدخل الاضافى - اسم شخصى
الإسم الشخصى راوية عبدالمنعم عباس
300 ## - الوصف المادى
التعداد 263 ص
490 ## - بيان السلسلة
عنوان السلسلة اساطين الفلسفة الحديثة والمعاصرة
رقم المجلد/ التعيين التسلسلي 0
650 04 - المدخل الاضافى بالموضوع-مصطلح موضوعى
مصطلح موضوعي الفلسفة
650 04 - المدخل الاضافى بالموضوع-مصطلح موضوعى
مصطلح موضوعي الفلسفة الحديثة
650 04 - المدخل الاضافى بالموضوع-مصطلح موضوعى
مصطلح موضوعي الفلسفة الغربية
650 04 - المدخل الاضافى بالموضوع-مصطلح موضوعى
مصطلح موضوعي المذهب العقلى
650 04 - المدخل الاضافى بالموضوع-مصطلح موضوعى
مصطلح موضوعي الفلاسفة الفرنسيون
650 04 - المدخل الاضافى بالموضوع-مصطلح موضوعى
مصطلح موضوعي مالبرانش
942 ## - عناصر المدخل الإضافي( كوها)
مصدر التصنيف او مخطط الترفيف Dewey Decimal Classification
Koha [default] item type كتاب
Holdings
حالة التراجع حالة الفقد حالة تلف ليس للاعارة المكان المؤقت الموقع الحالى تاريخ الاكتساب اجمالي اﻻعارات رقم الطلب الباركود تاريخ اخر مشاهدة تاريخ تفعيل السعر نوع وعاء كوها
        مكتبة القاهرة الكبرى مكتبة القاهرة الكبرى 03/26/2014   194\ر م 118862 03/26/2014 03/26/2014 كتاب

Powered By

EGPV